000 01401cam a22003857a 4500
003 CHAP
005 20220329141851.0
008 980317d1997 mx r 00110 spa d
010 _a74993
011 _a75965
035 _a85539
040 _cCHAP
090 _aTesis
100 0 0 _aCortés Flores, Crispín.
_928353
245 1 0 _aEfecto de herbicidas y cobertura vegetal muerta sobre el control de malezas en haba (Vicia faba L.), sembrada en labranza cero
_c/por Crispín Cortés Flores
260 _aChapingo, Méx. :
_bEl autor,
_c1997.
300 _a49 h.
502 _aTesis (Ing. Agr. Esp. en Parasitología Agrícola) -- UACH. Departamento de Parasitología Agrícola
590 _aALEPH
_b10
_c20130110
_lUCH01
_h1422
590 _aBATCH-UPD
_b10
_c20130110
_lUCH01
_h0118
590 _aBATCH-UPD
_b10
_c20130110
_lUCH01
_h0911
590 _aBATCH-UPD
_b10
_c20130409
_lUCH01
_h2111
590 _aBATCH-UPD
_b10
_c20130914
_lUCH01
_h1051
590 _aCONVERSION
_b10
_c20130109
_lUCH01
_h1341
650 1 4 _aCultivos de cobertura.
_930371
650 1 4 _aHaba
_xMalas hierbas
_xControl.
_952114
650 1 4 _aHerbicidas.
_953691
650 1 4 _aLabranza cero.
_964307
650 2 4 _aHaba
_xRendimiento.
_952122
901 _aBK
905 _aGuadalupe Pinto C.
942 _cFOLL
949 _bBC
_cTES
_d33724000586327
_eTS2
_fc.2
_h32994
_i85539
_si
949 _bBC
_cTES
_d855391
_eTS1
_h32993
_i85539
_sb
999 _c74993
_d74993